Statistiques concernant Villes les plus peuplées du monde terminant par A

Cliquez ici pour prendre le quiz!

Statistiques générales

  • Ce quiz a été pris 93 fois
  • Le résultat moyen est 8 sur 10

Statistiques - réponses

PaysVilles% Correct
TurquieAnkara
100%
PérouLima
99%
IndonésieJakarta
96%
ColombieBogota
95%
RD CongoKinshasa
90%
BangladeshDacca
88%
IndeCalcutta
87%
AngolaLuanda
83%
JaponNagoya
65%
IndonésieSurabaya
33%

Distribution des résultats

Percentile par nombre de réponses

% des personnes avec chaque résultat

Votre développement - résultats

Vous n’avez pas pris ce quiz